LEADER 01201cam0-22003251i-450 001 990001828040403321 005 20230217115631.0 035 $a000182804 035 $aFED01000182804 035 $a(Aleph)000182804FED01 035 $a000182804 100 $a20021010d1870----km-y0itay50------ba 101 0 $aita 102 $aIT 105 $ay-------001yy 200 1 $aParole del Prof. Giuseppe Bertoloni proferite davanti alla Giunta di Statistica Bolognese il di 14 febbraio 1870 intorno alla mortalità dei neonati dell' uomo 1869$fGiuseppe Bertoloni 210 $aBologna$c[s n.]$d1870 215 $a8 p.$d21 cm 300 $aEstr. da: Bull. delle Scienze Mediche di Bologna, 1870, fasc. aprile-maggio. 610 0 $aPatologia umana 676 $a616.07 700 1$aBertoloni,$bGiuseppe$f<1804-1878>$080408 801 0$aIT$bUNINA$gRICA$2UNIMARC 901 $aBK 912 $a990001828040403321 952 $a60 DONO COMES 26/4$b37837$fFAGBC 959 $aFAGBC 996 $aParole del Prof. Giuseppe Bertoloni proferite davanti alla Giunta di Statistica Bolognese il di 14 febbraio 1870 intorno alla mortalità dei neonati dell' uomo 1869$93010750 997 $aUNINA DB $aING01 LEADER 01204nam a2200253 i 4500 001 991003212879707536 005 20020509114153.0 008 940625s|||| fr ||| | ||| 035 $ab1112653x-39ule_inst 035 $aPARLA177420$9ExL 040 $aDip.to Filosofia$bita 100 1 $aFontenelle, Bernard Le Bovier :$cde$d<1657-1757>$0169138 245 10$aHistoire du renouvellement de L'Academie Royale des sciences en DC. XCIX. et les eloges historiques de tous les Academiciens morts depuis ce & de la Physique par /$cMonsieur De Fontenelle secretaire perpetuel de l'Academie Royale des Sciences 250 $aParis :$bJean Boudot, 1708 260 $a324 p. ; 22 c : 300 $a[fotocopie]. - 650 4$aFisica 650 4$aMatematica 907 $a.b1112653x$b21-09-06$c28-06-02 912 $a991003212879707536 945 $aLE005 MF 36 L 3$g1$i2005000222627$lle005$o-$pE0.00$q-$rl$s- $t0$u0$v0$w0$x0$y.i11264780$z28-06-02 996 $aHistoire du renouvellement de L'Academie Royale des sciences en DC. XCIX. et les eloges historiques de tous les Academiciens morts depuis ce & de la Physique par$9858559 997 $aUNISALENTO 998 $ale005$b01-01-94$cm$da $e-$feng$gfr $h0$i1